000
00398nam a22001697a 4500
003
MPLRDC
005
20220104125413.0
008
210129b ||||| |||| 00| 0 eng d
082
_a
857.9 HDX
100
_a
黄大铣
245
_a
拔剑起蒿莱
_c
250
_a
一版一刷
260
_a
_b
海峡文艺出版社
_c
1985
300
_b
平
650
_a
武侠小说
942
_c
BK
_o
857.9 HDX
999
_c
27083
_d
27073